Applied boolean algebra : an elementary introduction

Αποθηκεύτηκε σε:
Λεπτομέρειες βιβλιογραφικής εγγραφής
Κύριος συγγραφέας: Hohn, Franz E. (Franz Edward), 1915-1977
Μορφή: Βιβλίο
Γλώσσα:English
Δημοσίευση: New York : Macmillan, c1966
Έκδοση:2nd ed.
Θέματα:
Ετικέτες: Προσθήκη ετικέτας
Δεν υπάρχουν, Καταχωρήστε ετικέτα πρώτοι!

MARC

LEADER 00000cam a2200000 i 4500
001 1/101187
008 090212s1966 eng d
035 |l 10103159 
040 |a GR-MY-UA  |b gre  |e aacr 
041 0 |a eng 
082 0 |a 511.324  |2 (22) 
100 1 |a Hohn, Franz E.   |q (Franz Edward),   |d 1915-1977. 
245 1 0 |a Applied boolean algebra :  |b an elementary introduction /  |c Franz E. Hohn 
250 |a 2nd ed. 
260 |a New York :   |b Macmillan,   |c c1966 
300 |a xiii, 273 σ.;  |b εικ.;  |c 24 εκ. 
504 |a Περιέχει ευρετήριο 
650 0 0 |a Algebra, Boolean. 
650 0 0 |a Switching theory. 
852 |a INST  |b SAMOS  |c MAG  |e 20090212  |h 511.324 HOH  |p 005300029364  |q 005300029364  |t BK  |y 0 
901 |a BIBL3-2009-1 
909 |a Σ  |b 155605 
970 |a ΣΙΤΖΙΜΗ  |b ΓΙΑΣΕΜΗ  |z 2009/02/12